| 000 | 00363nam a2200133Ia 4500 | ||
|---|---|---|---|
| 008 | 240624s9999 xx 000 0 und d | ||
| 041 | _aeng | ||
| 082 | _a005.365 BIE | ||
| 100 | _aBIERSDORFER J D | ||
| 245 | _aBEST IPHONE APPS THE GUIDE FOR DISCRIMIN | ||
| 260 |
_c2010 _aNew Delhi _bShroff Publishers & Distributors Pvt |
||
| 300 | _aLtd,2010 | ||
| 365 |
_cRS _b30 |
||
| 999 |
_c27028 _d27028 |
||